000 00620nam a2200241 a 4500
001 nice12345678
003 IN_TiNIC
005 20260116013052.0
008 050524s1996 lona grp 000 0 eng
020 _a0415905
_c12
082 0 0 _a305.4
_bLEW
100 _aLewis, Reina
245 _aGendering Orientalism
_b Race, Feminity and Representation.
260 _aLondon
_bRoutledge Chapman Hall
_c1996
300 _a267p.
500 _aincludes index and biblioraphy
505 2 _aIndex
650 _aOrientalism-Gender
700 1 _aLewis, Reina
902 _bSRS
942 _cBK
999 _c9519
_d9519